Vista normal
Vista MARC
Entrada Personal Name
Número de registros utilizados en: 1
001 - CONTROL NUMBER
- control field: 17426
003 - CONTROL NUMBER IDENTIFIER
- control field: DLC
005 - DATE AND TIME OF LATEST TRANSACTION
- control field: 20250903162236.0
008 - FIXED-LENGTH DATA ELEMENTS
- fixed length control field: 121129n| azannaabn |n aaa
010 ## - LIBRARY OF CONGRESS CONTROL NUMBER
- LC control number: n 2012074174
040 ## - CATALOGING SOURCE
- Original cataloging agency: DLC
- Language of cataloging: spa
- Description conventions: rda
- Transcribing agency: Mx-PuUPA
- Modifying agency: Mx-PuUPA
046 ## - SPECIAL CODED DATES
- Birth date: 1936
100 1# - HEADING--PERSONAL NAME
- Personal name: Terrazas, Eduardo,
- Dates associated with a name: 1936-
374 ## - OCCUPATION
- Occupation: Autor
- Occupation: Pintor
375 ## - GENDER
- Gender: hombre
377 ## - ASSOCIATED LANGUAGE
- Language code: spa
670 ## - SOURCE DATA FOUND
- Source citation: Eduardo Terrazas, c2012:
- Information found: t.p. (Eduardo Terrazas) p. 340 (b. Guadalajara, Jalisco, 1936; architect by training, but also a creator in painting, drawing, design, museography, and urban and regional planning)